00897nam a2200229 450000500170000002000320001704000340004908200150008310000190009824501180011725000130023526000330024830000510028150000190033250400190035152002180037054600090058865000140059765000130061170000230062470000200064720250930052603.0 a9780132458931cTZS 28,000/= aMCCLbeng.eAACR 2nd rev. ed. a657.45 ELD aElder Randal J aAuditing and assurance services :b an integrated approach /cRandal J. Elder, Mark S. Beasley and Alvin A. Arens a13th ed. aBoston :bPearson , cc2010. axix, 854 p . : bill. (some color) ;c30 cm. aIncludes index aIncludes index aOffering coverage of the entire audit process, this text takes students step by step through each audit cycle, then shows how each step relates to the process as a whole. Increased emphasis is placed on e-commerce aeng. aAuditing  aRevision aBeasley, Mark S.  aArens Alvin A.